Normal view MARC view

Entry Personal Name

Number of records used in: 2

001 - CONTROL NUMBER

  • control field: 84415

003 - CONTROL NUMBER IDENTIFIER

  • control field: dpl

005 - DATE AND TIME OF LATEST TRANSACTION

  • control field: 20250828120544.0

008 - FIXED-LENGTH DATA ELEMENTS

  • fixed length control field: 250828|| aca||aabn | a|a d

040 ## - CATALOGING SOURCE

  • Original cataloging agency: dpl
  • Transcribing agency: dpl

100 ## - HEADING--PERSONAL NAME

  • Personal name: Tabassum, Shahla

670 ## - SOURCE DATA FOUND

  • Source citation: Work cat.: (dpl)213193: Tabassum, Shahla, MUSLIM WO-MEN IN HIGHER EDUCATION IN INDIA/, 2020

© Delhi Public Library
Hit Counter
free hit counter